000 00654nam a2200265Ia 4500
005 20260121170827.0
008 008 260114s9999 xx 000 0 eng d
020 _a9783030005573
037 _aEBOOK
040 _aCRL
040 _beng
040 _cCRL
041 _2eng
041 _aeng
084 _qCRL
100 _aLimin Meng, Yan Zhang
_91068657
245 0 _aMachine Learning and Intelligent Communications
260 _bSpringer
260 _bSpringer
260 _c2018
856 _uhttps://link.springer.com/openurl?genre=book&isbn=978-3-030-00557-3
942 _cEBOOK
999 _c1634387
_d1634387